000 01075cam a22002654a 4500
999 _c30014
_d30014
001 12988582
003 OSt
005 20190128145315.0
008 021031s2003 enka b 001 0 eng
010 _a 2002038351
020 _a0201648652
040 _aDLC
_cDLC
_dDLC
042 _apcc
050 0 0 _aQA76.58
_b.I578 2003
082 0 0 _a005.2
_221
245 0 0 _aIntroduction to parallel computing /
_cAnanth Grama ... [et al.].
250 _a2nd ed.
260 _aHarlow, England ;
_aNew York :
_bAddison-Wesley,
_c2003.
300 _axx, 636 p. :
_bill. ;
_c25 cm.
504 _aIncludes bibliographical references (p. 569-609) and index.
650 0 _aParallel processing (Electronic computers)
650 0 _aParallel algorithms.
700 1 _aGrama, Ananth.
906 _a7
_bcbc
_corignew
_d1
_eocip
_f20
_gy-gencatlg
942 _2lcc
_cBOOKS